SNL Celebrity Jeopardy Quiz Stats

 Plays Quiz not verified by Sporcle

Score 0/22 Timer 06:00
0 Plays Today
% Correct
Alex Trebek
84.3%
Sean Connery
79.8%
Burt Reynolds
77.2%
Tom Hanks
57.7%
Tom Cruise
57.1%
Bill Cosby
55.4%
Martha Stewart
41.3%
Sharon Osbourne
40.4%
Keanu Reeves
40.1%
Marlon Brando
35.6%
Catherine Zeta-Jones
35.6%
% Correct
Ozzy Osbourne
35.6%
Jeff Goldblum
34.6%
Kathie Lee Gifford
32.7%
Björk
31.4%
Dave Matthews
30.4%
Michael Keaton
30.1%
Jerry Lewis
29.8%
Minnie Driver
26%
Calista Flockhart
25.3%
Anne Heche
24.4%
Chris Tucker
23.4%

You're not logged in!

Compare scores with friends on all Sporcle quizzes.
OR
Log In

Sporcle TV

Today on Sporcle TV


Watch our educational content, quiz creation guides, and fun videos on Sporcle TV.

Show Comments

Extras

Top Quizzes Today


Score Distribution

Your Account Isn't Verified!

In order to create a playlist on Sporcle, you need to verify the email address you used during registration. Go to your Sporcle Settings to finish the process.

Report this User

Report this user for behavior that violates our Community Guidelines.

Details: